000 00375nam a22001337a 4500
008 150625b xxu||||| |||| 00| 0 eng d
020 _a9781405787321
082 _a347.0504 CIV
245 _aThe civil court procedure 2014 :
_bOctober reissue
260 _aUK :
_bLexisNexis,
_c2014.
300 _acclxii, 223p. :
_bill. ;
_c25cm.
500 _aIncludes index
942 _2ddc
_cBK
999 _c6840
_d6840